000 00444nam a2200181Ia 4500
001 4055
005 20260306145727.0
008 260306t1999||||xx |||||||||||||| ||spa||
041 _aESP
082 _a306.85
_bH12 Nº 16
100 _aCastillo Ceballos, Gerardo
_eAUT
245 0 _aPreparar a los hijos para la vida
_b
260 _c1999
300 _a268 páginas :
_c19 cm.
650 _aGEN
654 _aCED
942 _cLIB
_dJUS
_fJUS
_2ddc
_n
999 _c4055
_d4055